Física I: (Record no. 255)

MARC details
000 -LÍDER
campo de controle de tamanho fixo 00856nam a2200289 4500
001 - NÚMERO DE CONTROLE
campo de controle 255
003 - IDENTIFICADOR DO NÚMERO DE CONTROLE
campo de controle OSt
005 - DATA E HORÁRIO DA ÚLTIMA TRANSAÇÃO
campo de controle 20250220164229.0
008 - CAMPO DE DADOS FIXOS--INFORMAÇÃO GERAL
campo de controle de tamanho fixo 250220b |||||||g |||| 00| 0 eng d
020 ## - ISBN - INTERNATIONAL STANDARD BOOK NUMBER
ISBN - International Standard Book Number 9788502191938
040 ## - FONTE DA CATALOGAÇÃO
Idioma da catalogação por
041 ## - CÓDIGO DE IDIOMA
Código do idioma do original e/ou traduções intermediárias do texto por
082 ## - CDD - CLASSIFICAÇÃO DECIMAL DE DEWEY
Número de Classificação 530.07
Número do exemplar D636f
100 ## - ENTRADA PRINCIPAL--NOME PESSOAL
Nome pessoal Doca, Ricardo Helou
9 (RLIN) 467
245 ## - TÍTULO
Título Física I:
Restante do título Mecânica /
Indicação de responsabilidade, etc. Doca, Ricardo Helou ; Biscoula, Gualter José ; Villas Bôas, Newton
250 ## - EDIÇÃO
Declaração de edição 2° edição
260 ## - PUBLICAÇÃO, DISTRIBUIÇÃO, ETC.
Local de publicação, distribuição, etc. São Paulo
Nome do editor, distribuidor, etc. Saraiva
Data da publicação, distribuição, etc. 2013
300 ## - DESCRIÇÃO FÍSICA
Extensão 320 p.
Outros detalhes físicos il.
520 ## - NOTA DE RESUMO, ETC.
Resumo, etc. Teoria, problemas e exercícios sobre física e mecânica
650 #0 - ASSUNTO--TERMO TÓPICO
Cabeçalho tópico ou nome geográfico Ensino Médio
9 (RLIN) 469
650 #0 - ASSUNTO--TERMO TÓPICO
Cabeçalho tópico ou nome geográfico Física
9 (RLIN) 470
650 #0 - ASSUNTO--TERMO TÓPICO
Cabeçalho tópico ou nome geográfico Mecânica
9 (RLIN) 471
655 #0 - TERMO DE ÍNDICE--GÊNERO E FORMA
Gênero/forma/ou termo foco Livro Didático
700 ## - ENTRADA ADICIONADA - NOME PESSOAL
Nome pessoal Biscuola, Gualter José
Função do autor por extenso Coautor
9 (RLIN) 473
700 ## - ENTRADA ADICIONADA - NOME PESSOAL
Nome pessoal Villas Bôas, Newton
Função do autor por extenso Coautor
9 (RLIN) 474
942 ## - ELEMENTOS DE ENTRADA ADICIONADOS (KOHA)
Fonte de classificação ou esquema de arquivamento Classificação decimal de Dewey
Ocultar no OPAC Não
Tipo de material Koha Livros
Holdings
Situação do descarte Situação das perdas Fonte de classificação ou esquema de arquivamento Status danificado Não pode ser emprestado Coleção Biblioteca de origem Biblioteca atual Localização na estante Data de aquisição Fonte de aquisição Total de empréstimos Número de chamada completo Código de barras Devolver até Data de último acesso Data do último empréstimo Data do preço efetivo Tipo de material Koha
    Classificação decimal de Dewey     Livros Didáticos Biblioteca Professor Eduardo Afonso de Castro Biblioteca Professor Eduardo Afonso de Castro   20.02.2025 doação 1 530.07 / D636f 2025-17205 07.03.2025 20.02.2025 20.02.2025 20.02.2025 Livros

Powered by Koha